000 00729nam a2200229 i 4500
001 C2-0122637
003 PPAK
005 20180727113839.0
008 970823s io |||| ||||| | may d
040 _aPPAK
_beng
_cPPAK
_erda
082 0 4 _a392.509598
_223
090 0 0 _a392.509598
_bSAP
_dKIH
100 1 _aSapada, Ny. Andi Nurhani,
_eauthor
245 1 0 _aTata hias pengantin & tata cara adat perkahwinan Bugis Makassar
264 1 _aUjung Pandang :
_bAgung Lestari ,
_c[date of publication not identified]
300 _a80 pages ;
_c21 cm
336 _2rdacontent
_atext
337 _2rdamedia
_aunmediated
338 _2rdacarrier
_avolume
650 1 0 _aMarriage customs and rites, Bugis (Malay people)
942 _ddc
_cB
999 _c35332
_d35332